Statistics for People by Picture - K

Click here to take the quiz!

General Stats

  • This quiz has been taken 622 times
    (617 since last reset)
  • The average score is 9 of 17

Answer Stats

Answer% Correct
Kim Jong-un
95%
Kim Kardashian
90%
Katy Perry
86%
Kanye West
84%
Kobe Bryant
67%
Karl Marx
65%
Keira Knightley
65%
Kristen Stewart
63%
Kublai Khan
61%
Katharine Hepburn
58%
Kevin Costner
54%
Kylie Minogue
50%
Kirk Douglas
47%
Karen Gillan
19%
Karl Pilkington
19%
Karl Dönitz
14%
Khufu
11%

Score Distribution

Percentile by Number Answered

Percent of People with Each Score

Your Score History

You have not taken this quiz since the last reset